00375nam a2200133Ia 4500003000400000008004100004040001600045082001500061100002000076245006300096260003900159650001700198650002600215GCL140319s9999 xx 000 0 eng d aGCL / cGCL04a301.1bM C1 aMOUZELIS, NICOS10aSOCIOLOGLCAL THEORY: WHAT WENT WRONG? / cMOUZELIS, NICOS a[S.N] : bSMIULTANEOUSLY ، c199504aSOCIOLOGICAL04aSOCIOLOGICAL THEORIES